[Event "RSA-chT U12"]
[Site "Cape Town"]
[Date "2016.01.07"]
[Round "7.4"]
[White "Steyn, Jaques"]
[Black "Calitz, Janno"]
[Result "1/2-1/2"]
[WhiteElo "1019"]
[BlackElo "1021"]
[PlyCount "67"]
[EventDate "2016.01.04"]
[EventType "team-tourn"]
[EventRounds "7"]
[EventCountry "RSA"]
[SourceTitle "CBM 170 Extra"]
[Source "ChessBase"]
[SourceDate "2016.02.25"]
[SourceVersion "1"]
[SourceVersionDate "2016.02.25"]
[SourceQuality "1"]
[WhiteTeam "Ekurhuleni"]
[BlackTeam "Johannesburg Metro"]
[WhiteTeamCountry "RSA"]
[BlackTeamCountry "RSA"]

1. c4 c5 2. Nc3 a6 3. Nf3 e6 4. e4 Nc6 5. d3 Qc7 6. Be3 Nf6 7. h3 Be7 8. Be2 0-0 9. g3 Rd8 10. d4 cxd4 11. Nxd4 Nxd4 12. Bxd4 d5 13. Qb3 dxc4 14. Bb6 cxb3 15. Bxc7 Rd7 16. Be5 bxa2 17. Rxa2 Bb4 18. 0-0 Bxc3 19. Bxc3 Nxe4 20. Bf3 Nxc3 21. bxc3 g6 22. Raa1 Rb8 23. Rfd1 Rxd1+ 24. Rxd1 Kg7 25. Rd8 Ra8 26. Kf1 Kf6 27. Ke2 Ke7 28. Rh8 h5 29. Kd3 Kd6 30. Rd8+ Ke7 31. Rh8 f5 32. c4 e5 33. Bd5 e4+ 34. Kd4 1/2-1/2

[Event "RSA-chT U12"]
[Site "Cape Town"]
[Date "2016.01.06"]
[Round "5.4"]
[White "Steyn, Jaques"]
[Black "Samuels, Kieran"]
[Result "0-1"]
[WhiteElo "1019"]
[BlackElo "1320"]
[PlyCount "63"]
[EventDate "2016.01.04"]
[EventType "team-tourn"]
[EventRounds "7"]
[EventCountry "RSA"]
[SourceTitle "CBM 170 Extra"]
[Source "ChessBase"]
[SourceDate "2016.02.25"]
[SourceVersion "1"]
[SourceVersionDate "2016.02.25"]
[SourceQuality "1"]
[WhiteTeam "Ekurhuleni"]
[BlackTeam "Western Province"]
[WhiteTeamCountry "RSA"]
[BlackTeamCountry "RSA"]

1. c4 e5 2. Nc3 Nf6 3. e4 d6 4. d3 Be6 5. Be2 Be7 6. Be3 0-0 7. h3 Nc6 8. Nf3 h6 9. 0-0 Qd7 10. d4 exd4 11. Nxd4 Nxd4 12. Bxd4 c5 13. Bxf6 Bxf6 14. Bg4 Bxg4 15. Qxg4 Qxg4 16. hxg4 Bxc3 17. bxc3 Rfe8 18. Rfe1 Re7 19. Kh2 Rae8 20. f3 g6 21. Rad1 Re6 22. Rd2 f5 23. Rde2 fxe4 24. Rxe4 Rxe4 25. Rxe4 Rxe4 26. fxe4 Kf7 27. Kg3 Kf6 28. Kf3 g5 29. g3 a6 30. a4 Ke5 31. Ke3 b6 32. Kf3 0-1

[Event "RSA-chT U12"]
[Site "Cape Town"]
[Date "2016.01.05"]
[Round "3.4"]
[White "Louw, Danial"]
[Black "Steyn, Jaques"]
[Result "1-0"]
[WhiteElo "954"]
[BlackElo "1019"]
[PlyCount "35"]
[EventDate "2016.01.04"]
[EventType "team-tourn"]
[EventRounds "7"]
[EventCountry "RSA"]
[SourceTitle "CBM 170 Extra"]
[Source "ChessBase"]
[SourceDate "2016.02.25"]
[SourceVersion "1"]
[SourceVersionDate "2016.02.25"]
[SourceQuality "1"]
[WhiteTeam "Kenneth Kaunda"]
[BlackTeam "Ekurhuleni"]
[WhiteTeamCountry "RSA"]
[BlackTeamCountry "RSA"]

1. e4 e5 2. Nf3 Nc6 3. d4 Nxd4 4. Nxd4 exd4 5. Qxd4 c5 6. Qd5 Nf6 7. Qc4 d5 8. exd5 Qxd5 9. Qa4+ Bd7 10. Qb3 Qxb3 11. axb3 0-0-0 12. Rxa7 Kb8 13. Ra5 Bd6 14. Be2 c4 15. 0-0 cxb3 16. cxb3 Bb4 17. Bf4+ Kc8 18. Ra8# 1-0

[Event "RSA-chT U12"]
[Site "Cape Town"]
[Date "2016.01.04"]
[Round "2.4"]
[White "Steyn, Jaques"]
[Black "Smuts, Heinrich"]
[Result "1-0"]
[WhiteElo "1019"]
[BlackElo "1259"]
[PlyCount "91"]
[EventDate "2016.01.04"]
[EventType "team-tourn"]
[EventRounds "7"]
[EventCountry "RSA"]
[SourceTitle "CBM 170 Extra"]
[Source "ChessBase"]
[SourceDate "2016.02.25"]
[SourceVersion "1"]
[SourceVersionDate "2016.02.25"]
[SourceQuality "1"]
[WhiteTeam "Ekurhuleni"]
[BlackTeam "Tshwane"]
[WhiteTeamCountry "RSA"]
[BlackTeamCountry "RSA"]

1. c4 d6 2. Nc3 c5 3. Nf3 Nf6 4. e4 e6 5. d3 Be7 6. e5 dxe5 7. Nxe5 0-0 8. Bg5 Re8 9. Bxf6 Bxf6 10. Ng4 Bd4 11. Rb1 Nc6 12. Nb5 e5 13. Be2 Qa5+ 14. Qd2 Qxd2+ 15. Kxd2 Re7 16. Bf3 Be6 17. Bxc6 bxc6 18. Nxd4 exd4 19. Rhe1 Rc7 20. f3 Kf8 21. Re5 Re7 22. Rxc5 Bxg4 23. fxg4 Rae8 24. Kc2 Re2+ 25. Kb3 Rb8+ 26. Ka3 Rxg2 27. Rxc6 Rxh2 28. Rd6 Ke7 29. Rxd4 Rh6 30. Re1+ Kf8 31. b3 Rh4 32. c5 Rc8 33. c6 Rh6 34. c7 Ra6+ 35. Kb2 g5 36. Rd8+ Kg7 37. Rxc8 Rc6 38. Rc1 Re6 39. Rb8 Re2+ 40. Ka3 a5 41. c8Q a4 42. Qc3+ f6 43. Rb7+ Kf8 44. Qc8+ Re8 45. Qxe8+ Kxe8 46. Rc8# 1-0